<?xml version="1.0" encoding="UTF-8"?>
<record
    xmlns:xsi="http://www.w3.org/2001/XMLSchema-instance"
    xsi:schemaLocation="http://www.loc.gov/MARC21/slim http://www.loc.gov/standards/marcxml/schema/MARC21slim.xsd"
    xmlns="http://www.loc.gov/MARC21/slim">

  <leader>01474nam0a2200301   4500</leader>
  <controlfield tag="001">RU\NLR\bibl\1726852</controlfield>
  <controlfield tag="005">20250616074150.0</controlfield>
  <datafield tag="021" ind1=" " ind2=" ">
    <subfield code="a">RU</subfield>
    <subfield code="b">2010-55454&#x43F;</subfield>
    <subfield code="9">2397&#x43F;</subfield>
  </datafield>
  <datafield tag="035" ind1=" " ind2=" ">
    <subfield code="a">(NLR Aleph) 001717819</subfield>
  </datafield>
  <datafield tag="090" ind1=" " ind2=" ">
    <subfield code="a">1320651</subfield>
    <subfield code="c">1320651</subfield>
  </datafield>
  <datafield tag="100" ind1=" " ind2=" ">
    <subfield code="a">20110124d2010    |||y0rusy50      ca</subfield>
  </datafield>
  <datafield tag="101" ind1="0" ind2=" ">
    <subfield code="a">rus</subfield>
  </datafield>
  <datafield tag="102" ind1=" " ind2=" ">
    <subfield code="a">RU</subfield>
  </datafield>
  <datafield tag="105" ind1=" " ind2=" ">
    <subfield code="a">y   |||||||||</subfield>
  </datafield>
  <datafield tag="200" ind1="1" ind2=" ">
    <subfield code="a">&#x422;&#x430;&#x43C;&#x43E;&#x436;&#x435;&#x43D;&#x43D;&#x44B;&#x435; &#x43F;&#x440;&#x43E;&#x446;&#x435;&#x434;&#x443;&#x440;&#x44B; &#x432; &#x420;&#x43E;&#x441;&#x441;&#x438;&#x439;&#x441;&#x43A;&#x43E;&#x439; &#x424;&#x435;&#x434;&#x435;&#x440;&#x430;&#x446;&#x438;&#x438;</subfield>
    <subfield code="e">[&#x442;&#x430;&#x43C;&#x43E;&#x436;&#x435;&#x43D;&#x43D;&#x44B;&#x439; &#x438;&#x43B;&#x438; &#x44D;&#x43A;&#x43E;&#x43D;&#x43E;&#x43C;&#x438;&#x447;&#x435;&#x441;&#x43A;&#x438;&#x439; &#x441;&#x43E;&#x44E;&#x437;, &#x443;&#x43F;&#x440;&#x430;&#x432;&#x43B;&#x44F;&#x44E;&#x449;&#x438;&#x439; &#x43A;&#x43E;&#x43C;&#x438;&#x442;&#x435;&#x442;, &#x440;&#x430;&#x437;&#x440;&#x435;&#x448;&#x435;&#x43D;&#x438;&#x435; &#x441;&#x43F;&#x43E;&#x440;&#x43E;&#x432;, &#x442;&#x430;&#x43C;&#x43E;&#x436;&#x435;&#x43D;&#x43D;&#x430;&#x44F; &#x442;&#x435;&#x440;&#x440;&#x438;&#x442;&#x43E;&#x440;&#x438;&#x44F; &#x420;&#x43E;&#x441;&#x441;&#x438;&#x439;&#x441;&#x43A;&#x43E;&#x439; &#x424;&#x435;&#x434;&#x435;&#x440;&#x430;&#x446;&#x438;&#x438;]</subfield>
  </datafield>
  <datafield tag="210" ind1=" " ind2=" ">
    <subfield code="a">&#x41C;&#x43E;&#x441;&#x43A;&#x432;&#x430;</subfield>
    <subfield code="c">&#x41F;&#x440;&#x43E;&#x444;&#x438;&#x437;&#x434;&#x430;&#x442;</subfield>
    <subfield code="d">2010</subfield>
  </datafield>
  <datafield tag="215" ind1=" " ind2=" ">
    <subfield code="a">79, [1] &#x441;.</subfield>
    <subfield code="d">20</subfield>
  </datafield>
  <datafield tag="225" ind1="1" ind2=" ">
    <subfield code="a">&#x411;&#x438;&#x431;&#x43B;&#x438;&#x43E;&#x442;&#x435;&#x447;&#x43A;&#x430; &#x43F;&#x440;&#x43E;&#x444;&#x441;&#x43E;&#x44E;&#x437;&#x43D;&#x43E;&#x433;&#x43E; &#x430;&#x43A;&#x442;&#x438;&#x432;&#x430; &#x438; &#x43F;&#x440;&#x435;&#x434;&#x43F;&#x440;&#x438;&#x43D;&#x438;&#x43C;&#x430;&#x442;&#x435;&#x43B;&#x435;&#x439;</subfield>
    <subfield code="v">23, 2010</subfield>
  </datafield>
  <datafield tag="604" ind1=" " ind2=" ">
    <subfield code="1">71001$a&#x420;&#x43E;&#x441;&#x441;&#x438;&#x439;&#x441;&#x43A;&#x430;&#x44F; &#x424;&#x435;&#x434;&#x435;&#x440;&#x430;&#x446;&#x438;&#x44F;</subfield>
    <subfield code="1">500##$3RU\NLR\AUTH\661259593$a&#x422;&#x430;&#x43C;&#x43E;&#x436;&#x435;&#x43D;&#x43D;&#x44B;&#x439; &#x43A;&#x43E;&#x434;&#x435;&#x43A;&#x441;$2nlr_sh2</subfield>
    <subfield code="a">&#x420;&#x43E;&#x441;&#x441;&#x438;&#x439;&#x441;&#x43A;&#x430;&#x44F; &#x424;&#x435;&#x434;&#x435;&#x440;&#x430;&#x446;&#x438;&#x44F;</subfield>
    <subfield code="t">&#x422;&#x430;&#x43C;&#x43E;&#x436;&#x435;&#x43D;&#x43D;&#x44B;&#x439; &#x43A;&#x43E;&#x434;&#x435;&#x43A;&#x441;</subfield>
    <subfield code="9">2083529</subfield>
    <subfield code="3">RU\NLR\AUTH\661259593</subfield>
  </datafield>
  <datafield tag="606" ind1="1" ind2=" ">
    <subfield code="a">&#x422;&#x430;&#x43C;&#x43E;&#x436;&#x435;&#x43D;&#x43D;&#x43E;&#x435; &#x434;&#x435;&#x43B;&#x43E;</subfield>
    <subfield code="x">&#x41C;&#x435;&#x436;&#x434;&#x443;&#x43D;&#x430;&#x440;&#x43E;&#x434;&#x43D;&#x43E;-&#x43F;&#x440;&#x430;&#x432;&#x43E;&#x432;&#x44B;&#x435; &#x432;&#x43E;&#x43F;&#x440;&#x43E;&#x441;&#x44B;</subfield>
    <subfield code="9">1745417</subfield>
    <subfield code="3">RU\NLR\AUTH\661077234</subfield>
  </datafield>
  <datafield tag="686" ind1="1" ind2=" ">
    <subfield code="a">&#x425;621.165.203.1-324.9(2&#x420;)</subfield>
  </datafield>
  <datafield tag="686" ind1="1" ind2=" ">
    <subfield code="a">&#x425;916.14-321</subfield>
  </datafield>
  <datafield tag="801" ind1=" " ind2="0">
    <subfield code="a">RU</subfield>
    <subfield code="b">NLR</subfield>
    <subfield code="c">20110124</subfield>
    <subfield code="g">RCR</subfield>
  </datafield>
  <datafield tag="801" ind1=" " ind2="1">
    <subfield code="a">RU</subfield>
    <subfield code="b">NLR</subfield>
    <subfield code="c">20110124</subfield>
  </datafield>
  <datafield tag="942" ind1=" " ind2=" ">
    <subfield code="c">BOOK</subfield>
  </datafield>
  <datafield tag="980" ind1=" " ind2=" ">
    <subfield code="a">NB</subfield>
  </datafield>
  <datafield tag="995" ind1=" " ind2=" ">
    <subfield code="5">2011-01-24</subfield>
    <subfield code="a">ad</subfield>
    <subfield code="b">NLR01</subfield>
    <subfield code="c">NLR01</subfield>
    <subfield code="e">RF8</subfield>
    <subfield code="f">1-943308</subfield>
    <subfield code="k">2011-4/332</subfield>
    <subfield code="o">0</subfield>
    <subfield code="r">BOOK</subfield>
    <subfield code="s">20114332_</subfield>
  </datafield>
  <datafield tag="995" ind1=" " ind2=" ">
    <subfield code="5">2011-01-24</subfield>
    <subfield code="a">ad</subfield>
    <subfield code="b">NLR01</subfield>
    <subfield code="c">NLR01</subfield>
    <subfield code="e">RF8</subfield>
    <subfield code="f">1-953694</subfield>
    <subfield code="k">2011-4/332</subfield>
    <subfield code="o">0</subfield>
    <subfield code="r">BOOK</subfield>
    <subfield code="s">20114332_</subfield>
  </datafield>
</record>
